01533nam a22002537a 4500001000700000003000900007005001700016007000700033008002900040020001800069040002200087100001900109245006100128250003200189260004700221300003100268490002400299500041000323500004400733520041000777650003401187650003401221830002401255000784DO-SdBNP20180118110031.0000784161115b 2011 mx 00| 0 spa d a9789870404422 aBPMSUbspacBPMSU1 aCarlos Schlaen aEl caso del futbolista enmascarado /cCarlos Schlaen ;  a2a. ed. 7a. reimmpresión  aMéxico : bEdiciones Alfaguara, c2011. a115 p. : bils. ;c21 cm. 1 aAlfaguara infantil  3A pesar de las impresionantes medidas de seguridad que protegen la mansión de un industrialista, algo ha sido robado del cajón de su escritorio. Nadie puede explicar cómo esto podría suceder, pero la confusión crece cuando la policía anuncia que el único sospechoso es un jugador de fútbol famoso. Nico, llamado inesperadamente a defenderlo, descubrirá que no será un trabajo sencillo. 3 Incluye datos biográficos del autor  2A pesar de las impresionantes medidas de seguridad que protegen la mansión de un industrialista, algo ha sido robado del cajón de su escritorio. Nadie puede explicar cómo esto podría suceder, pero la confusión crece cuando la policía anuncia que el único sospechoso es un jugador de fútbol famoso. Nico, llamado inesperadamente a defenderlo, descubrirá que no será un trabajo sencillo. aCUENTOS JUVENILES ARGENTINOS  a LITERATURA JUVENIL ARGENTINA 0aAlfaguara infantil